000
00325nam a22001457a 4500
020
_a
81-207-3188-3
082
_a
900
_b
RAO/W
100
_a
RAO, B.V
245
_a
WORLD HISTORY
250
_a
THIRD EDITION
260
_a
DELHI
_b
STERLING PUBLISHERS
_c
2006
300
_a
414
650
_a
HISTORY REFERENCE
_z
INDIA
942
_c
BK
999
_c
1588
_d
1588